Szczegóły MARC21

Zeszyty Naukowe. Ekonomika Transportu Lądowego /

001 -Numer kontrolny rekordu [,]
    • @
    • pole kontrolne
    • bb95102580
005 -Data i czas ostatniej zmiany [,]
    • @
    • Data ostatniej zmiany
    • 20250611190802.0
022 -Międzynarodowy Znormalizowany Numer Wydawnictwa Ciągłego - ISSN [ , ]
    • a
    • International Standard Serial Number
    • 1234-4281
035 -Inne numery kontrolne [ , ]
    • a
    • Numer kontrolny
    • (OCoLC)68737456
040 -Instytucja sporządzająca opis [ , ]
    • a
    • Instytucja, która sporządziła opis (NP)
    • GD U/KK
    • c
    • Instytucja, która sporządziła rekord (NP)
    • GD U/KK
    • d
    • Instytucja, która zmodyfikowała rekord (P)
    • GD U/IK
    • d
    • Instytucja, która zmodyfikowała rekord (P)
    • GD U/MR
    • d
    • Instytucja, która zmodyfikowała rekord (P)
    • GD U/JDs
    • d
    • Instytucja, która zmodyfikowała rekord (P)
    • WR U/IZ
    • d
    • Instytucja, która zmodyfikowała rekord (P)
    • GD U/KK
    • d
    • Instytucja, która zmodyfikowała rekord (P)
    • WA U/MK
041 -Język dokumentu [0, ]
    • a
    • Język tekstu (P)
    • polski
    • b
    • Język streszczeń(P)
    • angielski
    • b
    • Język streszczeń(P)
    • rosyjski
942 -Rodzaj dokumentu [ , ]
    • c
    • Rodzaj dokumentu
    • Wydaw. ciągłe w tym czasopisma
998 -Inne dane NUKAT [ , ]
    • a
    • Numer systemowy
    • vtls000037390
210 -Skrót tytułu [1, ]
    • a
    • Skrót tytułu
    • Zesz. Nauk. - Uniw. Gdań., Ekon. Transp. Ląd.
222 -Tytuł kluczowy [ ,0]
    • a
    • Tytuł kluczowy
    • Zeszyty Naukowe - Uniwersytet Gdański. Ekonomika Transportu Lądowego
245 -Strefa tytułu i oznaczenia odpowiedzialności [0,0]
    • a
    • Tytuł
    • Zeszyty Naukowe.
    • p
    • Nazwa części (P)
    • Ekonomika Transportu Lądowego /
    • c
    • Pozostałe elementy strefy tytułu i oznaczenia odpowiedzialności (NP)
    • Uniwersytet Gdański.
246 -Wariant tytułu [1,7]
    • a
    • Tytuł (NP)
    • Zeszyty Naukowe Wydziału Ekonomiki Transportu Uniwersytetu Gdańskiego.
    • p
    • Nazwa części (P)
    • Ekonomika Transportu Lądowego
246 -Wariant tytułu [1,8]
    • a
    • Tytuł (NP)
    • Ekonomika Transportu Lądowego
246 -Wariant tytułu [1,4]
    • a
    • Tytuł (NP)
    • Zeszyty Naukowe Uniwersytetu Gdańskiego, Ekonomika Transportu Lądowego
246 -Wariant tytułu [3, ]
    • a
    • Tytuł (NP)
    • Zeszyty Naukowe UG, ETL
260 -Strefa adresu wydawniczego [ , ]
    • a
    • Miejsce wydania (P)
    • Gdańsk :
    • b
    • Nazwa wydawcy (P)
    • UG,
    • c
    • Data wydania (P)
    • 1991-2011.
300 -Strefa opisu fizycznego [ , ]
    • c
    • Format (NP)
    • 24 cm.
310 -Częstotliwość [ , ]
    • a
    • Częstotliwość
    • Niereg.
336 -Typ zawartości [ , ]
    • a
    • Termin opisujący typ zawartości
    • Tekst
    • b
    • Typ/rodzaj nośnika
    • txt
    • 2
    • Źródło (termin i kod)
    • rdacontent
337 -Typ mediów [ , ]
    • a
    • Tryb odtwarzania
    • Bez urządzenia pośredniczącego
    • b
    • Kod typu mediów
    • n
    • 2
    • Źródło (termin i kod)
    • rdamedia
338 -Typ/rodzaj nośnika [ , ]
    • a
    • Hasło opisujące typ nośnika
    • Wolumin
    • b
    • Kod typu nośnika
    • nc
    • 2
    • Źródło (termin i kod)
    • rdacarrier
362 -Strefa numeracji [0, ]
    • a
    • Strefa numeracji
    • 19 (1989)-41 (2011).
500 -Uwaga ogólna [ , ]
    • a
    • Uwaga ogólna (NP)
    • W ramach numeracji ciągłej wydawane są zeszyty monotematyczne o podobnych tyt. ukazujących się cyklicznie w częściach.
530 -Uwaga dot. innej postaci fizycznej dokumentu [ , ]
    • a
    • Uwaga dot. innej postaci fizycznej dokumentu
    • Dostępne online.
546 -Uwaga dot. języka [ , ]
    • a
    • Uwaga dot. języka
    • Streszcz. ang. ros.
580 -Uwaga o pozycji związanej [ , ]
    • a
    • Uwaga o pozycji związanej
    • Od Nr 24 (2002) w ramach numeracji ciągłej ukazuje się tyt. : "Modelowanie Procesów i Systemów Logistycznych" z odrębną numeracją. Find
650 -Hasło przedmiotowe - nazwa pospolita [ ,7]
    • a
    • Hasło przedmiotowe
    • Polityka transportowa
    • x
    • Określnik rzeczowy
    • czasopisma.
650 -Hasło przedmiotowe - nazwa pospolita [ ,7]
    • a
    • Hasło przedmiotowe
    • Transport
    • x
    • Określnik rzeczowy
    • aspekt środowiskowy
710 -Hasło dodatkowe - nazwa ciała zbiorowego [2, ]
    • a
    • Nazwa ciała zbiorowego lub nazwa geograficzna jako pierwszy element (NP)
    • Uniwersytet Gdański.
785 -Tytuł następny wydawnictwa [0,0]
    • t
    • Title
    • Zeszyty Naukowe. Ekonomika Transportu i Logistyka
    • g
    • Relationship information
    • 42 (2012)-
    • x
    • International Standard Serial Number
    • 2544-3224
    • w
    • Record control number
    • (NUKAT)xx003331212
787 -Tytuł innego wydawnictwa związanego [1, ]
    • t
    • Tytuł
    • Modelowanie Procesów i Systemów Logistycznych
    • g
    • Zakres powiązania
    • Cz. 2=24 (2002)-
    • w
    • Numer kontrolny rekordu
    • (NUKAT)zz2006965191
856 -Lokalizacja i sposób dostępu do dokumentu elektronicznego [4,1]
    • u
    • URI
    • http://www.ekonom.ug.edu.pl/web/znetl/index.html?lang=pl&ao=numery_archiwalne
952 -Egzemplarz [ , ]
    • c
    • Sygnatura
    • Ec.1401
    • d
    • Lokalizacja
    • BE Biblioteka Ekonomiczna
    • i
    • Nr tomu wydaw.cg
    • 19 (1989) wyd.1991
    • y
    • Status udostępniania
    • Tylko na miejscu
952 -Egzemplarz [ , ]
    • c
    • Sygnatura
    • Ec.1401
    • d
    • Lokalizacja
    • BE Biblioteka Ekonomiczna
    • i
    • Nr tomu wydaw.cg
    • 20 (1992) wyd.1994
    • y
    • Status udostępniania
    • Tylko na miejscu
952 -Egzemplarz [ , ]
    • c
    • Sygnatura
    • Ec.1401
    • d
    • Lokalizacja
    • BE Biblioteka Ekonomiczna
    • i
    • Nr tomu wydaw.cg
    • 21 (1993)
    • y
    • Status udostępniania
    • Tylko na miejscu
952 -Egzemplarz [ , ]
    • c
    • Sygnatura
    • Tc.542
    • d
    • Lokalizacja
    • T Biblioteka Kampusowa Cukrowa EFZ
    • i
    • Nr tomu wydaw.cg
    • 22 (2002)
    • y
    • Status udostępniania
    • Tylko na miejscu
952 -Egzemplarz [ , ]
    • c
    • Sygnatura
    • Tc.542
    • d
    • Lokalizacja
    • T Biblioteka Kampusowa Cukrowa EFZ
    • h
    • Uwagi
    • Rek.220841
    • i
    • Nr tomu wydaw.cg
    • 34 (2006)
    • y
    • Status udostępniania
    • Tylko na miejscu